Edible starches and starch derived syrups (Record no. 28229)

MARC details
000 -LEADER
fixed length control field 00328nam a2200121Ia 4500
082 ## - DEWEY DECIMAL CLASSIFICATION NUMBER
Classification number 664.2
Item number PET
100 ## - MAIN ENTRY--AUTHOR NAME
Personal name Peterson, Nicholas B
245 #0 - TITLE STATEMENT
Title Edible starches and starch derived syrups
260 ## - PUBLICATION, DISTRIBUTION, ETC. (IMPRINT)
Place of publication London
Name of publisher Noyes Data
Year of publication 1975
650 ## - SUBJECT ADDED ENTRY--TOPICAL TERM
Topical Term Starch derived syrups
942 ## - ADDED ENTRY ELEMENTS (KOHA)
Koha item type Books
Holdings
Withdrawn status Lost status Damaged status Not for loan Home library Current library Date acquired Cost, normal purchase price Full call number Accession Number Koha item type
        RRII Library RRII Library 16/12/2021 36.00 664.2 PET 08836 Books